000 00551ntaaa2200205 4500
003 01
005 20251027201847.0
008 0714s1973 ag 01
040 _aAR-BaBN
_bspa
_cAR-BaBN
_eaacr
_dRIC
082 _a248.1000 R64
100 _aRolston, Holmes
_99235
245 _aStewardship in the New Testament church
250 _a1 ed.
260 _aRichmond, va. :
_bJohn Knox Press,
_cc1959
300 _a160 p
650 _amayordomía
650 _aBiblia-N.T.-Epístolas Paulinas
_917084
650 _aPablo-mayordomía
_917085
942 _cBK
999 _c13274
_d13274